La fiche de lecture littéraire : Méthode et corrigés (notice n° 1567283)
[ vue normale ]
| 000 -LEADER | |
|---|---|
| fixed length control field | 01012cam a2200133 4500500 |
| 005 - DATE AND TIME OF LATEST TRANSACTION | |
| control field | 20251214002642.0 |
| 041 ## - LANGUAGE CODE | |
| Language code of text/sound track or separate title | fre |
| 042 ## - AUTHENTICATION CODE | |
| Authentication code | dc |
| 100 10 - MAIN ENTRY--PERSONAL NAME | |
| Personal name | Charbonnier, Marie-Anne |
| Relator term | author |
| 245 00 - TITLE STATEMENT | |
| Title | La fiche de lecture littéraire : Méthode et corrigés |
| 260 ## - PUBLICATION, DISTRIBUTION, ETC. | |
| Name of publisher, distributor, etc. | Armand Colin,<br/> |
| Date of publication, distribution, etc. | 2013.<br/> |
| 520 ## - SUMMARY, ETC. | |
| Summary, etc. | Ce livre propose une méthodologie générale, et 20 fiches intégralement rédigées portant sur les grandes œuvres de la littérature française du XVIe siècle à nos jours. Tous les grands genres littéraires sont explorés : poésie, théâtre, roman. De nombreux utilitaires facilitent et structurent le travail personnel : sélection de citations, chronologies siècle par siècle, glossaire... cette deuxième édition est revue et augmentée de nouvelles fiches. Marie-Anne Charbonnier, agrégée de lettres et professeur de chaire supérieure au lycée Henri-IV. |
| 856 41 - ELECTRONIC LOCATION AND ACCESS | |
| Uniform Resource Identifier | <a href="https://shs.cairn.info/la-fiche-de-lecture-litteraire--9782200350284?lang=fr&redirect-ssocas=7080">https://shs.cairn.info/la-fiche-de-lecture-litteraire--9782200350284?lang=fr&redirect-ssocas=7080</a> |
Pas d'exemplaire disponible.




Réseaux sociaux